[Event "2nd Irena Warakomska Memorial-A"]
[Site "Suwalki"]
[Date "2018.08.05"]
[Round "6"]
[White "Sliwicka, Alicja"]
[Black "Kumala, Aleksander"]
[Result "1-0"]
[WhiteElo "2293"]
[BlackElo "2238"]
[Annotator "NA"]
[PlyCount "113"]
[EventDate "2018.08.01"]
[EventType "swiss"]
[EventCountry "POL"]
[SourceTitle "playchess.com"]
[Source "ChessBase"]
[SourceQuality "1"]
[TimeControl "40/5400+30:1800+30"]

1. e4 {[%emt 0:00:00]} Nf6 {[%emt 0:00:00]} 2. e5 {[%emt 0:00:00]} Nd5 {[%emt 0:00:00]} 3. d4 {[%emt 0:00:00]} d6 {[%emt 0:00:00]} 4. c4 {[%emt 0:00:00]} Nb6 {[%emt 0:00:02]} 5. exd6 {[%emt 0:00:00]} exd6 {[%emt 0:00:02]} 6. Nc3 {[%emt 0:00:06]} Be7 {[%emt 0:00:06]} 7. Bd3 {[%emt 0:00:06]} O-O {[%emt 0:00:06]} 8. Nge2 {[%emt 0:00:06]} Na6 {[%emt 0:00:06]} 9. a3 {[%emt 0:00:06]} c6 {[%emt 0:00:33]} 10. O-O {[%emt 0:00:27]} Nc7 {[%emt 0:00:22]} 11. b3 {[%emt 0:00:10]} d5 {[%emt 0:00:18]} 12. c5 {[%emt 0:00:14]} Nd7 {[%emt 0:00:06]} 13. Be3 {[%emt 0:00:34]} Bf6 {[%emt 0:10:51]} 14. b4 {[%emt 0:03:06]} Re8 {[%emt 0:02:54]} 15. Qd2 {[%emt 0:01:04]} Nf8 {[%emt 0:11:57]} 16. Rad1 {[%emt 0:07:50]} Nce6 {[%emt 0:20:21]} 17. a4 {[%emt 0:05:16]} g6 {[%emt 0:07:28]} 18. b5 {[%emt 0:05:25]} Bg7 {[%emt 0:08:57]} 19. Na2 {[%emt 0:06:48]} f5 {[%emt 0:04:50]} 20. f4 {[%emt 0:10:34]} Bd7 {[%emt 0:04:08]} 21. Bf2 {[%emt 0:06:06]} Qc7 {[%emt 0:03:44]} 22. Rb1 {[%emt 0:03:22]} Bh6 {[%emt 0:01:13]} 23. g3 {[%emt 0:02:54]} Re7 {[%emt 0:05:28]} 24. a5 {[%emt 0:01:45]} Rae8 {[%emt 0:02:49]} 25. a6 {[%emt 0:05:33]} bxa6 {[%emt 0:00:57]} 26. b6 {[%emt 0:02:15]} axb6 {[%emt 0:02:01]} 27. cxb6 {[%emt 0:01:49]} Qb8 {[%emt 0:02:26]} 28. h4 {[%emt 0:03:52]} Bc8 {[%emt 0:01:30]} 29. Nb4 {[%emt 0:05:42]} Qa8 {[%emt 0:01:07]} 30. Nc3 {[%emt 0:07:05]} a5 {[%emt 0:01:11]} 31. Nc2 {[%emt 0:00:30]} Rb7 {[%emt 0:03:25]} 32. Na4 {[%emt 0:00:15]} Nd7 {[%emt 0:00:20]} 33. Rfe1 {[%emt 0:02:18]} Bf8 {[%emt 0:00:55]} 34. Qc3 {[%emt 0:02:07]} Rb8 {[%emt 0:00:45]} 35. Rec1 {[%emt 0:06:25]} Bd6 {[%emt 0:01:50]} 36. Rb3 {[%emt 0:02:57]} Bb7 {[%emt 0:03:15]} 37. Nc5 {[%emt 0:02:05]} Ndxc5 {[%emt 0:01:48]} 38. dxc5 {[%emt 0:00:07]} Bf8 {[%emt 0:00:20]} 39. Ra3 {[%emt 0:01:29]} a4 {[%emt 0:00:38]} 40. Qb4 {[%emt 0:00:00]} Rbd8 {[%emt 0:00:00]} 41. Rxa4 {[%emt 0:04:46]} Qb8 {[%emt 0:05:35]} 42. Na1 {[%emt 0:03:58]} Rd7 {[%emt 0:10:47]} 43. Nb3 {[%emt 0:00:34]} Bg7 {[%emt 0:02:59]} 44. Ra7 {[%emt 0:01:35]} h6 {[%emt 0:03:04]} 45. Re1 {[%emt 0:02:36]} Rde7 {[%emt 0:03:10]} 46. Na5 {[%emt 0:03:06]} Nd8 {[%emt 0:00:53]} 47. Rxe7 {[%emt 0:00:49]} Rxe7 {[%emt 0:00:07]} 48. Ba6 {[%emt 0:02:42]} g5 {[%emt 0:01:21]} 49. Bxb7 {[%emt 0:00:53]} Re4 {[%emt 0:01:06]} 50. Qxe4 {[%emt 0:01:08]} fxe4 {[%emt 0:00:40]} 51. Ra8 {[%emt 0:00:05]} Qxa8 {[%emt 0:00:31]} 52. Bxa8 {[%emt 0:00:04]} gxf4 {[%emt 0:00:39]} 53. gxf4 {[%emt 0:00:11]} d4 {[%emt 0:00:15]} 54. Nxc6 {[%emt 0:01:29]} d3 {[%emt 0:00:30]} 55. Be3 {[%emt 0:00:40]} Kf8 {[%emt 0:00:43]} 56. Nxd8 {[%emt 0:00:58]} Bd4 {[%emt 0:00:07]} 57. Ne6+ {[%emt 0:00:05]} 1-0

[Event "2nd Irena Warakomska Memorial-A"]
[Site "Suwalki"]
[Date "2018.08.05"]
[Round "6"]
[White "Chylewski, Patryk"]
[Black "Harshini, A."]
[Result "1/2-1/2"]
[WhiteElo "2270"]
[BlackElo "2124"]
[Annotator "NA"]
[PlyCount "83"]
[EventDate "2018.08.01"]
[EventType "swiss"]
[EventCountry "POL"]
[SourceTitle "playchess.com"]
[Source "ChessBase"]
[SourceQuality "1"]
[TimeControl "40/5400+30:1800+30"]

1. e4 {[%emt 0:00:00]} e5 {[%emt 0:00:00]} 2. Nf3 {[%emt 0:00:00]} Nc6 {[%emt 0:00:00]} 3. d4 {[%emt 0:00:00]} exd4 {[%emt 0:00:00]} 4. Bc4 {[%emt 0:00:00]} Bc5 {[%emt 0:00:00]} 5. c3 {[%emt 0:00:34]} Nf6 {[%emt 0:00:00]} 6. e5 {[%emt 0:00:27]} d5 {[%emt 0:00:07]} 7. Be2 {[%emt 0:00:06]} Ne4 {[%emt 0:02:06]} 8. cxd4 {[%emt 0:00:09]} Bb6 {[%emt 0:00:17]} 9. Nc3 {[%emt 0:00:44]} O-O {[%emt 0:00:51]} 10. O-O {[%emt 0:00:23]} Bg4 {[%emt 0:02:50]} 11. Be3 {[%emt 0:00:16]} f6 {[%emt 0:03:23]} 12. exf6 {[%emt 0:01:31]} Nxf6 {[%emt 0:00:22]} 13. h3 {[%emt 0:05:42]} Bh5 {[%emt 0:01:12]} 14. Rc1 {[%emt 0:06:46]} Qe7 {[%emt 0:04:52]} 15. Re1 {[%emt 0:03:17]} Rad8 {[%emt 0:01:20]} 16. Bg5 {[%emt 0:09:00]} Qb4 {[%emt 0:04:30]} 17. g4 {[%emt 0:12:24]} Bg6 {[%emt 0:04:20]} 18. Be3 {[%emt 0:07:28]} Qxb2 {[%emt 0:01:43]} 19. Nh4 {[%emt 0:01:59]} Ne4 {[%emt 0:10:19]} 20. Na4 {[%emt 0:07:32]} Qb4 {[%emt 0:02:12]} 21. Nxg6 {[%emt 0:01:45]} hxg6 {[%emt 0:00:07]} 22. Nxb6 {[%emt 0:01:53]} axb6 {[%emt 0:00:05]} 23. Qb3 {[%emt 0:03:06]} Qe7 {[%emt 0:07:08]} 24. Bf1 {[%emt 0:10:59]} Qf6 {[%emt 0:07:11]} 25. Qb2 {[%emt 0:03:22]} Rd7 {[%emt 0:04:46]} 26. Bg2 {[%emt 0:01:58]} Na5 {[%emt 0:01:46]} 27. Qe2 {[%emt 0:04:15]} Rdf7 {[%emt 0:02:13]} 28. Rf1 {[%emt 0:05:48]} Qe6 {[%emt 0:03:44]} 29. Qd3 {[%emt 0:00:49]} Re8 {[%emt 0:07:46]} 30. Rce1 {[%emt 0:03:28]} Nc4 {[%emt 0:01:38]} 31. Bc1 {[%emt 0:01:14]} Qc6 {[%emt 0:00:26]} 32. Re2 {[%emt 0:03:43]} b5 {[%emt 0:03:13]} 33. Rfe1 {[%emt 0:00:39]} Kh7 {[%emt 0:10:56]} 34. Bxe4 {[%emt 0:02:35]} dxe4 {[%emt 0:00:25]} 35. Rxe4 {[%emt 0:00:09]} Rxe4 {[%emt 0:00:41]} 36. Qxe4 {[%emt 0:00:06]} Qf6 {[%emt 0:07:08]} 37. Be3 {[%emt 0:01:14]} c6 {[%emt 0:01:05]} 38. g5 {[%emt 0:02:07]} Qf3 {[%emt 0:00:32]} 39. Qxf3 {[%emt 0:00:46]} Rxf3 {[%emt 0:00:03]} 40. Kg2 {[%emt 0:00:00]} Rf5 {[%emt 0:00:00]} 41. h4 {[%emt 0:07:41]} Nd6 {[%emt 0:02:51]} 42. Rc1 {[%emt 0:16:43]} 1/2-1/2

[Event "2nd Irena Warakomska Memorial-A"]
[Site "Suwalki"]
[Date "2018.08.05"]
[Round "6"]
[White "Bugalski, Michal"]
[Black "Grib, Roman"]
[Result "1/2-1/2"]
[WhiteElo "2263"]
[BlackElo "2445"]
[Annotator "TA"]
[PlyCount "127"]
[EventDate "2018.08.01"]
[EventType "swiss"]
[EventCountry "POL"]
[SourceTitle "playchess.com"]
[Source "ChessBase"]
[SourceQuality "1"]

{[%evp 24,127,17,2,17,-14,-11,-18,-18,-10,-13,-24,-20,-20,-20,-23,-23,-23,-25,-26,-23,-32,-18,-22,-18,-29,-21,-21,-21,-25,-16,-13,0,-27,0,-13,-12,-14,-14,-22,-12,-14,-15,-95,-91,-95,-100,-93,-97,-97,-65,-90,-83,-81,-84,-81,-65,-65,-65,-61,-60,-64,-60,-91,-92,-95,0,-94,-94,-94,-98,-101,-94,-93,-98,-82,-98,-110,-110,-110,-75,-72,-72,-66,0,0,0,0,0,0,0,0,0,0,0,0,0,0,0,0,0,0,0,0,0,0]} 1. e4 c5 2. c3 Nf6 3. e5 Nd5 4. d4 cxd4 5. Nf3 e6 6. cxd4 d6 7. a3 Nc6 8. Bd3 g6 9. O-O dxe5 10. dxe5 Bg7 11. Qe2 Qc7 12. Re1 O-O 13. Bd2 {LiveBook: 3 Games. B22: Sicilian: 2 c3} Rd8 14. Bb5 (14. Nc3 Nxe5 15. Nxe5 Qxe5 16. Qxe5 Bxe5 17. Rxe5 Nxc3 18. Bxc3 Rxd3 {½-½ (50) Yudin,S (2546)-Maletin,P (2567) Kirov 2012}) 14... Bd7 {Black wants to play ...Nxe5!} 15. Nc3 Nxc3 16. Bxc3 Ne7 $146 ({Predecessor:} 16... Rac8 17. Rad1 a6 18. Bd3 {0-1 (36) Zimmermann,L (2087)-Polak,I (2163) Amsterdam 2013}) 17. Rac1 Bxb5 18. Qxb5 Qd7 19. Qb3 Nd5 20. Bd2 h6 21. h3 Rac8 22. Red1 Rxc1 23. Rxc1 Rc8 24. Rc4 Rxc4 25. Qxc4 b5 26. Qh4 Ne7 27. Qd4 ({Not} 27. Bxh6 $2 Qd1+ 28. Kh2 Nf5 $19) 27... Nd5 28. Qh4 Ne7 29. Qd4 ({Don't blunder} 29. Bxh6 $2 Qd1+ 30. Kh2 Nf5 $19) 29... Qc7 30. Qc3 Qb7 31. Qd4 Nc6 32. Qe4 Qd7 {With the idea ...Nxe5!} 33. Bf4 (33. Bc3 $11) 33... Qd1+ 34. Kh2 {[#]} Qd5 $1 $36 {[%cal Rd5e4][%mdl 2048] Black is in control.} 35. Qe3 g5 36. Bg3 Kh7 37. Qc3 a5 38. Qc2+ Kg8 {[%cal Rc6e5]} 39. a4 Kh8 ({Much worse is} 39... Bxe5 $6 40. Nxe5 Nxe5 41. Qc8+ Kg7 42. Qb8 $11) 40. axb5 Qxb5 {[%cal Rc6e5]} 41. Qe4 Qd5 42. Qe3 Kh7 43. Qc3 Kg8 44. b3 Ne7 (44... Bf8 $17) 45. Nd2 (45. h4 $1 $11) 45... h5 $17 {[#] White must now prevent ...h4.} 46. Kh1 Nf5 47. Bh2 Nh4 {[%csl Gh4][%cal Rd5g2]} 48. Nf3 Nxf3 49. gxf3 Bf8 50. Qe3 Be7 51. Kg1 Kg7 52. Kg2 Kg6 53. Qe4+ Qxe4 (53... Kh6 $1 $15) 54. fxe4 $15 {[%mdl 4096] Endgame KB-KB. The position is equal.} Bc5 55. f3 Bd4 56. Bg3 Bc3 57. Bh2 Kg7 58. Kf2 Kg6 59. Ke2 Bb4 60. Bg3 Bc3 61. Kd3 Bb4 62. Ke2 Bc3 63. Kd3 Bb4 64. Ke2 {Precision: White = 68%, Black = 64%.} 1/2-1/2

[Event "2nd Irena Warakomska Memorial-A"]
[Site "Suwalki"]
[Date "2018.08.05"]
[Round "6"]
[White "Bykovskiy, Oleg"]
[Black "Walkusz, Witoslaw"]
[Result "1/2-1/2"]
[WhiteElo "2263"]
[BlackElo "2121"]
[Annotator "NA"]
[PlyCount "59"]
[EventDate "2018.08.01"]
[EventType "swiss"]
[EventCountry "POL"]
[SourceTitle "playchess.com"]
[Source "ChessBase"]
[SourceQuality "1"]
[TimeControl "40/5400+30:1800+30"]

1. Nc3 {[%emt 0:00:00]} e5 {[%emt 0:00:02]} 2. Nf3 {[%emt 0:00:00]} Nc6 {[%emt 0:00:19]} 3. d4 {[%emt 0:00:00]} exd4 {[%emt 0:01:23]} 4. Nxd4 {[%emt 0:00:00]} Nf6 {[%emt 0:01:19]} 5. e4 {[%emt 0:01:35]} Bb4 {[%emt 0:00:56]} 6. Nxc6 {[%emt 0:00:06]} bxc6 {[%emt 0:00:06]} 7. Bd3 {[%emt 0:00:05]} d5 {[%emt 0:00:19]} 8. exd5 {[%emt 0:00:05]} cxd5 {[%emt 0:00:07]} 9. O-O {[%emt 0:00:05]} O-O {[%emt 0:00:07]} 10. Bg5 {[%emt 0:00:05]} c6 {[%emt 0:00:25]} 11. Qf3 {[%emt 0:00:07]} Re8 {[%emt 0:02:28]} 12. h3 {[%emt 0:05:42]} h6 {[%emt 0:01:25]} 13. Bxf6 {[%emt 0:03:15]} Qxf6 {[%emt 0:00:06]} 14. Qxf6 {[%emt 0:00:03]} gxf6 {[%emt 0:00:09]} 15. Ne2 {[%emt 0:01:12]} Bd6 {[%emt 0:00:14]} 16. Ng3 {[%emt 0:00:15]} Rb8 {[%emt 0:03:09]} 17. Rab1 {[%emt 0:01:17]} c5 {[%emt 0:05:01]} 18. Nh5 {[%emt 0:02:31]} Be5 {[%emt 0:01:47]} 19. c3 {[%emt 0:00:09]} Rb6 {[%emt 0:05:03]} 20. Rfe1 {[%emt 0:06:51]} Kf8 {[%emt 0:02:02]} 21. a4 {[%emt 0:09:31]} c4 {[%emt 0:28:30]} 22. Bc2 {[%emt 0:02:22]} Rd8 {[%emt 0:19:57]} 23. Red1 {[%emt 0:04:59]} d4 {[%emt 0:04:46]} 24. cxd4 {[%emt 0:29:50]} Rxd4 {[%emt 0:00:33]} 25. Rxd4 {[%emt 0:03:43]} Bxd4 {[%emt 0:00:05]} 26. b3 {[%emt 0:00:03]} cxb3 {[%emt 0:02:08]} 27. Rxb3 {[%emt 0:01:19]} Rxb3 {[%emt 0:06:04]} 28. Bxb3 {[%emt 0:00:26]} Be6 {[%emt 0:00:32]} 29. Bc2 {[%emt 0:00:29]} Ke7 {[%emt 0:00:53]} 30. Ng7 {[%emt 0:01:11]} 1/2-1/2

[Event "2nd Irena Warakomska Memorial-A"]
[Site "Suwalki"]
[Date "2018.08.05"]
[Round "6"]
[White "Krzywda, Andrzej"]
[Black "Ulanowski, Karol"]
[Result "1/2-1/2"]
[WhiteElo "2258"]
[BlackElo "2149"]
[Annotator "NA"]
[PlyCount "102"]
[EventDate "2018.08.01"]
[EventType "swiss"]
[EventCountry "POL"]
[SourceTitle "playchess.com"]
[Source "ChessBase"]
[SourceQuality "1"]
[TimeControl "40/5400+30:1800+30"]

1. e4 e5 2. Nf3 Nc6 3. d4 exd4 4. Nxd4 Nf6 5. Nxc6 bxc6 6. e5 Qe7 7. Qe2 Nd5 8. h4 h6 9. h5 Bb7 10. Rh3 O-O-O 11. c4 Nb6 12. a4 Qb4+ 13. Nd2 a5 14. f4 d5 15. Rb3 Qc5 16. cxd5 Rxd5 17. Nf3 Rd8 18. Be3 Qd5 19. Rd3 Bb4+ 20. Kf2 Qe4 21. Bxb6 Qxe2+ 22. Bxe2 cxb6 23. Rad1 Kc7 24. Rxd8 Rxd8 25. Rxd8 Kxd8 26. Bc4 Ke7 27. g4 Bc8 28. f5 Bc5+ 29. Ke2 Bd7 30. Kd3 b5 31. Bb3 Bb6 32. Nd2 Bc7 33. Ke4 Bc8 34. Nf3 Bb7 35. axb5 cxb5+ 36. Bd5 Ba6 37. Nd4 b4 38. f6+ gxf6 39. Nf5+ Kf8 40. exf6 Bd8 41. Nxh6 Bxf6 42. b3 Bc8 43. Nxf7 Bxg4 44. h6 Bd1 45. Kf5 Bc3 46. Ne5 Bc2+ 47. Ke6 Kg8 48. Kd6+ Kh7 49. Nc4 a4 50. bxa4 b3 51. a5 Bxa5 1/2-1/2

[Event "2nd Irena Warakomska Memorial-A"]
[Site "Suwalki"]
[Date "2018.08.05"]
[Round "6"]
[White "Mulet, Piotr"]
[Black "Debarshi, Mukherjee"]
[Result "1-0"]
[WhiteElo "2238"]
[BlackElo "2308"]
[Annotator "NA"]
[PlyCount "65"]
[EventDate "2018.08.01"]
[EventType "swiss"]
[EventCountry "POL"]
[SourceTitle "playchess.com"]
[Source "ChessBase"]
[SourceQuality "1"]
[TimeControl "40/5400+30:1800+30"]

1. e4 {[%emt 0:00:00]} c5 {[%emt 0:00:10]} 2. c3 {[%emt 0:00:00]} d6 {[%emt 0:01:26]} 3. d4 {[%emt 0:00:00]} Nf6 {[%emt 0:00:05]} 4. Bd3 {[%emt 0:00:00]} g6 {[%emt 0:00:43]} 5. dxc5 {[%emt 0:05:53]} d5 {[%emt 0:12:40]} 6. exd5 {[%emt 0:01:48]} Qxd5 {[%emt 0:00:55]} 7. Bb5+ {[%emt 0:02:25]} Bd7 {[%emt 0:02:59]} 8. Qxd5 {[%emt 0:00:07]} Nxd5 {[%emt 0:00:02]} 9. Bc4 {[%emt 0:00:11]} Bc6 {[%emt 0:09:42]} 10. Nf3 {[%emt 0:00:24]} Nd7 {[%emt 0:00:08]} 11. Nbd2 {[%emt 0:09:05]} Nf4 {[%emt 0:09:42]} 12. g3 {[%emt 0:03:41]} Nh3 {[%emt 0:01:22]} 13. b4 {[%emt 0:00:11]} Bh6 {[%emt 0:13:18]} 14. Be2 {[%emt 0:09:18]} Rd8 {[%emt 0:09:03]} 15. Rf1 {[%emt 0:01:38]} b6 {[%emt 0:07:23]} 16. Nb3 {[%emt 0:06:48]} Bg7 {[%emt 0:01:48]} 17. Nbd4 {[%emt 0:19:50]} Bxf3 {[%emt 0:04:11]} 18. Bxf3 {[%emt 0:00:08]} bxc5 {[%emt 0:00:03]} 19. bxc5 {[%emt 0:00:13]} Nxc5 {[%emt 0:00:20]} 20. Ba3 {[%emt 0:06:18]} Bxd4 {[%emt 0:04:30]} 21. cxd4 {[%emt 0:00:25]} Ne6 {[%emt 0:00:01]} 22. Bc6+ {[%emt 0:01:14]} Kf8 {[%emt 0:00:04]} 23. d5 {[%emt 0:00:08]} Nd4 {[%emt 0:05:20]} 24. Bb2 {[%emt 0:01:38]} Nc2+ {[%emt 0:02:57]} 25. Ke2 {[%emt 0:04:04]} Nxa1 {[%emt 0:00:14]} 26. Bxh8 {[%emt 0:00:07]} Nc2 {[%emt 0:00:50]} 27. Bc3 {[%emt 0:00:12]} Rb8 {[%emt 0:01:45]} 28. Ba4 {[%emt 0:06:24]} Na3 {[%emt 0:01:43]} 29. f4 {[%emt 0:00:27]} Rb6 {[%emt 0:05:08]} 30. Kf3 {[%emt 0:01:18]} Nc4 {[%emt 0:00:02]} 31. Bb3 {[%emt 0:00:57]} Nd6 {[%emt 0:00:49]} 32. Kg2 {[%emt 0:02:13]} Ne4 {[%emt 0:00:13]} 33. Be1 {[%emt 0:02:16]} 1-0

[Event "2nd Irena Warakomska Memorial-A"]
[Site "Suwalki"]
[Date "2018.08.05"]
[Round "6"]
[White "Bukojemski, Adam"]
[Black "Wacior, Maciej"]
[Result "1-0"]
[WhiteElo "2233"]
[BlackElo "2081"]
[Annotator "NA"]
[PlyCount "58"]
[EventDate "2018.08.01"]
[EventType "swiss"]
[EventCountry "POL"]
[SourceTitle "playchess.com"]
[Source "ChessBase"]
[SourceQuality "1"]
[TimeControl "40/5400+30:1800+30"]

1. e4 {[%emt 0:00:00]} c6 {[%emt 0:00:00]} 2. d4 {[%emt 0:00:00]} d5 {[%emt 0:00:00]} 3. Nd2 {[%emt 0:00:03]} dxe4 {[%emt 0:00:00]} 4. Nxe4 {[%emt 0:00:04]} Bf5 {[%emt 0:00:00]} 5. Ng3 {[%emt 0:00:19]} Bg6 {[%emt 0:00:00]} 6. h4 {[%emt 0:00:12]} h6 {[%emt 0:00:00]} 7. Nf3 {[%emt 0:00:08]} Nd7 {[%emt 0:00:07]} 8. h5 {[%emt 0:00:12]} Bh7 {[%emt 0:00:05]} 9. Bd3 {[%emt 0:00:14]} Bxd3 {[%emt 0:00:05]} 10. Qxd3 {[%emt 0:00:03]} Qc7 {[%emt 0:00:24]} 11. Bd2 {[%emt 0:00:27]} e6 {[%emt 0:00:13]} 12. O-O-O {[%emt 0:00:20]} O-O-O {[%emt 0:00:13]} 13. Ne4 {[%emt 0:02:00]} Nc5 {[%emt 0:01:02]} 14. Nxc5 {[%emt 0:00:54]} Bxc5 {[%emt 0:00:04]} 15. g3 {[%emt 0:04:47]} Nf6 {[%emt 0:01:35]} 16. c4 {[%emt 0:00:39]} Bd6 {[%emt 0:15:59]} 17. Qe2 {[%emt 0:01:05]} c5 {[%emt 0:02:45]} 18. Bc3 {[%emt 0:05:12]} b6 {[%emt 0:05:13]} 19. d5 {[%emt 0:07:16]} Rhe8 {[%emt 0:02:20]} 20. Bxf6 {[%emt 0:02:12]} gxf6 {[%emt 0:01:23]} 21. dxe6 {[%emt 0:02:27]} fxe6 {[%emt 0:04:07]} 22. Qe3 {[%emt 0:03:00]} e5 {[%emt 0:12:18]} 23. Qe4 {[%emt 0:03:56]} Kb8 {[%emt 0:06:32]} 24. Nh4 {[%emt 0:01:43]} Bf8 {[%emt 0:02:14]} 25. Nf5 {[%emt 0:00:28]} Rd4 {[%emt 0:00:10]} 26. Nxd4 {[%emt 0:00:17]} cxd4 {[%emt 0:00:04]} 27. Rxd4 {[%emt 0:01:26]} f5 {[%emt 0:00:56]} 28. Qe2 {[%emt 0:00:38]} Qc6 29. Rd5 Qc7 1-0

[Event "2nd Irena Warakomska Memorial-A"]
[Site "Suwalki"]
[Date "2018.08.05"]
[Round "6"]
[White "Godzwon, Iwo"]
[Black "Roy, Prantik"]
[Result "1-0"]
[WhiteElo "2222"]
[BlackElo "2377"]
[Annotator "NA"]
[PlyCount "105"]
[EventDate "2018.08.01"]
[EventType "swiss"]
[EventCountry "POL"]
[SourceTitle "playchess.com"]
[Source "ChessBase"]
[SourceQuality "1"]
[TimeControl "40/5400+30:1800+30"]

1. e4 c6 2. d4 d5 3. Nd2 dxe4 4. Nxe4 Bf5 5. Ng3 Bg6 6. h4 h6 7. Nf3 e6 8. h5 Bh7 9. Bd3 Bxd3 10. Qxd3 Nf6 11. Bd2 Be7 12. O-O-O O-O 13. Ne4 Nxe4 14. Qxe4 Qd5 15. Qg4 Kh8 16. Kb1 Nd7 17. Qf4 Nf6 18. Ne5 Rad8 19. Bc1 Qe4 20. Qxe4 Nxe4 21. Be3 Nf6 22. g4 Nd5 23. Bc1 Bf6 24. c4 Nb6 25. b3 Kg8 26. Be3 Rfe8 27. Kc2 Nd7 28. f4 Nxe5 29. dxe5 Be7 30. a4 c5 31. Rd3 Rxd3 32. Kxd3 f6 33. exf6 gxf6 34. g5 fxg5 35. fxg5 hxg5 36. Bxg5 Bxg5 37. Rg1 Rd8+ 38. Ke4 Rd4+ 39. Ke5 Kf7 40. Rxg5 Rh4 41. Kd6 b6 42. a5 Rh3 43. a6 Rxb3 44. Kc6 Rd3 45. h6 Kf6 46. Rh5 Rd8 47. h7 Rh8 48. Kb7 Kg6 49. Rh2 b5 50. cxb5 c4 51. b6 c3 52. bxa7 c2 53. Rxc2 1-0

[Event "2nd Irena Warakomska Memorial-A"]
[Site "Suwalki"]
[Date "2018.08.05"]
[Round "6"]
[White "Jaroch, Karol"]
[Black "Praczukowski, Stanislaw"]
[Result "0-1"]
[WhiteElo "2222"]
[BlackElo "2136"]
[Annotator "NA"]
[PlyCount "72"]
[EventDate "2018.08.01"]
[EventType "swiss"]
[EventCountry "POL"]
[SourceTitle "playchess.com"]
[Source "ChessBase"]
[SourceQuality "1"]
[TimeControl "40/5400+30:1800+30"]

1. e4 {[%emt 0:00:00]} c5 {[%emt 0:00:00]} 2. Nf3 {[%emt 0:00:00]} d6 {[%emt 0:00:00]} 3. d4 {[%emt 0:00:00]} cxd4 {[%emt 0:00:00]} 4. Nxd4 {[%emt 0:00:00]} Nf6 {[%emt 0:00:00]} 5. Nc3 {[%emt 0:00:00]} a6 {[%emt 0:00:03]} 6. Be2 {[%emt 0:00:52]} e5 {[%emt 0:01:01]} 7. Nb3 {[%emt 0:00:10]} Be7 {[%emt 0:00:05]} 8. Be3 {[%emt 0:00:20]} O-O {[%emt 0:00:30]} 9. O-O {[%emt 0:00:17]} Be6 {[%emt 0:00:40]} 10. Nd5 {[%emt 0:00:19]} Bxd5 {[%emt 0:06:34]} 11. exd5 {[%emt 0:00:10]} Nbd7 {[%emt 0:00:12]} 12. c4 {[%emt 0:01:20]} a5 {[%emt 0:06:34]} 13. Rc1 {[%emt 0:13:45]} b6 {[%emt 0:00:36]} 14. f4 {[%emt 0:16:43]} a4 {[%emt 0:09:41]} 15. Nd2 {[%emt 0:06:09]} exf4 {[%emt 0:05:07]} 16. Bxf4 {[%emt 0:00:51]} Ne5 {[%emt 0:01:16]} 17. Nb1 {[%emt 0:03:41]} Nfd7 {[%emt 0:04:28]} 18. Nc3 {[%emt 0:00:08]} Bg5 {[%emt 0:01:25]} 19. Nxa4 {[%emt 0:08:23]} Bxf4 {[%emt 0:00:19]} 20. Rxf4 {[%emt 0:00:02]} Qg5 {[%emt 0:00:26]} 21. g3 {[%emt 0:00:08]} Ng6 {[%emt 0:03:43]} 22. Rf1 {[%emt 0:00:18]} Qe3+ {[%emt 0:00:35]} 23. Kh1 {[%emt 0:00:20]} Nde5 {[%emt 0:05:18]} 24. b3 {[%emt 0:02:03]} f5 {[%emt 0:03:22]} 25. Rc3 {[%emt 0:00:26]} Qh6 {[%emt 0:01:11]} 26. Qc1 {[%emt 0:21:34]} f4 {[%emt 0:02:52]} 27. a3 {[%emt 0:02:30]} f3 {[%emt 0:07:12]} 28. Bd1 {[%emt 0:00:49]} Qh3 {[%emt 0:09:19]} 29. Rfxf3 {[%emt 0:08:03]} Nxf3 {[%emt 0:02:58]} 30. Bxf3 {[%emt 0:00:09]} Nh4 {[%emt 0:01:39]} 31. gxh4 {[%emt 0:06:10]} Rxf3 {[%emt 0:00:09]} 32. Kg1 {[%emt 0:00:09]} Qg4+ {[%emt 0:00:53]} 33. Kh1 {[%emt 0:00:07]} Raf8 {[%emt 0:00:25]} 34. Rxf3 {[%emt 0:00:30]} Qxf3+ {[%emt 0:00:08]} 35. Kg1 {[%emt 0:00:06]} Qg4+ {[%emt 0:00:46]} 36. Kh1 {[%emt 0:00:06]} Rf2 {[%emt 0:00:40]} 0-1

[Event "2nd Irena Warakomska Memorial-A"]
[Site "Suwalki"]
[Date "2018.08.05"]
[Round "6"]
[White "Buraczewski, Rafal"]
[Black "Sliwerski, Radoslaw"]
[Result "1-0"]
[WhiteElo "2221"]
[BlackElo "1990"]
[Annotator "NA"]
[PlyCount "31"]
[EventDate "2018.08.01"]
[EventType "swiss"]
[EventCountry "POL"]
[SourceTitle "playchess.com"]
[Source "ChessBase"]
[SourceQuality "1"]
[TimeControl "40/5400+30:1800+30"]

1. d4 {[%emt 0:00:00]} Nf6 {[%emt 0:00:00]} 2. Nf3 {[%emt 0:00:03]} d5 {[%emt 0:00:00]} 3. c3 {[%emt 0:05:13]} e6 {[%emt 0:00:44]} 4. Bf4 {[%emt 0:00:18]} c5 {[%emt 0:00:17]} 5. e3 {[%emt 0:00:09]} Nc6 {[%emt 0:00:42]} 6. Nbd2 {[%emt 0:02:31]} cxd4 {[%emt 0:00:06]} 7. exd4 {[%emt 0:00:17]} Nh5 {[%emt 0:03:53]} 8. Be5 {[%emt 0:09:26]} f6 {[%emt 0:13:09]} 9. Bg3 {[%emt 0:00:04]} Nxg3 {[%emt 0:02:16]} 10. hxg3 {[%emt 0:00:12]} g6 {[%emt 0:01:01]} 11. Bd3 {[%emt 0:00:38]} Bg7 {[%emt 0:00:07]} 12. Rxh7 {[%emt 0:03:44]} f5 {[%emt 0:03:03]} 13. Rxg7 {[%emt 0:03:34]} Rh1+ {[%emt 0:02:29]} 14. Nf1 {[%emt 0:01:40]} Qf6 {[%emt 0:00:20]} 15. Rc7 {[%emt 0:01:32]} Kd8 {[%emt 0:00:24]} 16. Rxc6 {[%emt 0:00:09]} 1-0